000 00569nam a2200217Ia 4500
003 IIN
005 20250507114215.0
008 250507s2023 xx 001 0 eng d
020 _cRs.565.00
_a9788131266021
040 _aIIN
_bEnglish
082 _a610.73
_bLOH
100 1 _aLohumi, Shama
245 1 _aApplied Sociology for Nurses/
_cShama Lohumi and Rakesh Lohumi
250 _a3rd ed
260 _aNew Delhi
_bElsevier
_c2023
300 _axi, 378 p.
650 1 _aSociology
650 1 _aSociology
_vNursing
700 1 _aLohumi, Rakesh
942 _cBOOK
999 _c1808
_d1808